000 00551nam a22002057a 4500
999 _c14857
_d14857
003 MIRAKIL
005 20220317144248.0
008 220317b tu ||||| |||| 00| 0 tur d
020 _a9754054568
040 _aTR-AnCHP
_cTR-AnCHP
041 _atur
082 _a079.561
_bK26c 1994
100 1 _aKaraca, Emin
245 1 0 _aCumhuriyet olayı /
_cEmin Karaca.
260 _aİstanbul :
_b Altın Kitaplar,
_c1994.
300 _a286 s. :
_bres. ;
_c20 sm.
504 _aKaynakça vardır.
650 0 _96292
_aBasın
_xTürkiye
942 _2ddc
_cBKS